000 00745nam a2200205Ia 4500
005 20241129111302.0
008 241129s9999||||xx |||||||||||||| ||und||
037 _aTB
040 _aCRL
_bpun
_cCRL
041 _apun
_2pun
084 _aO153,6(w,1)x Q9
_qCRL
100 _aਮਾਪੋਪੁਰੀ, ਬਲਬੀਰ, ਥਦ।
245 0 _aਪੰਜਾਬੀ ਸਵੈਜੀਵਨੀਆਂ : ਸਾਹਿਤਕ ਮੁਲਾਂਕਣ
_cਮਾਪੋਪੁਰੀ, ਬਲਬੀਰ, ਥਦ।
260 _aਦਿੱਲੀ, ਭਾਰਤ
_bਨਵਯੁਗ ਪਬਲਿਸ਼ਰਜ਼
_c2019
300 _a153ਪ੍ਰ0
365 _aINR
_b300
650 _aPunjabi Prose
942 _cTB
_hO153,6(w,1)x Q9
999 _c1229747
_d1229747